Ustawodawstwo antymonopolowe w warunkach transformacji gospodarki.
Autor sa koncentruje na teoretickú koncepciu uplatňovania vybraných protimonopolných zákazov a nástrojov kontroly štrukturálnych premien v ekonomike. Poľský protimonopolový zákon z r. 1990 a jeho ciele. Protimonopolný úrad. Zhodnotenie jeho činnosti. Problémy politiky proti monopolom.
Uložené v:
| Hlavný autor: | |
|---|---|
| Médium: | Kapitola |
| Jazyk: | Polish |
| Predmet: | |
| Tagy: |
Žiadne tagy, Buďte prvý, kto otaguje tento záznam!
|
MARC
| LEADER | 00000naa a2200000 4500 | ||
|---|---|---|---|
| 001 | r005243 | ||
| 005 | 20221125123225.0 | ||
| 041 | 0 | |a pol | |
| 044 | |a PL | ||
| 245 | 1 | 0 | |a Ustawodawstwo antymonopolowe w warunkach transformacji gospodarki. |c W. Modzelewski |
| 520 | |a Autor sa koncentruje na teoretickú koncepciu uplatňovania vybraných protimonopolných zákazov a nástrojov kontroly štrukturálnych premien v ekonomike. Poľský protimonopolový zákon z r. 1990 a jeho ciele. Protimonopolný úrad. Zhodnotenie jeho činnosti. Problémy politiky proti monopolom. | ||
| 610 | 2 | 0 | |a demonopolizácia |
| 610 | 2 | 0 | |a zákonodarstvo |
| 610 | 2 | 0 | |a koncepcie |
| 610 | 2 | 0 | |a zmeny štruktúrne |
| 610 | 2 | 0 | |a kontrola |
| 610 | 2 | 0 | |a PR |
| 610 | 2 | 0 | |a zákony |
| 610 | 2 | 0 | |a 1990 |
| 100 | 1 | |a Modzelewski, W. | |